Political marketing: connection of business sector and public politics

Politický marketing zastúpený na Slovensku po roku 1989 ako moderný fenomén, ktorý prišiel zo západnej Európy a USA. Politický marketing ako spojenie dvoch navzájom protiľahlých sektorov, ktorým sú súkromný sektor (business) a verejný sektor (politika). Vzťah medzi politikou a obchodnou činnosťou v...

Descrizione completa

Salvato in:
Dettagli Bibliografici
Autore principale: Čemez, Alexander
Natura: Capitolo di libro
Lingua:inglese
Soggetti:
Tags: Aggiungi Tag
Nessun Tag, puoi essere il primo ad aggiungerne!!

MARC

LEADER 00000nla a2200000 4500
001 0228579
005 20240417075112.7
041 0 |a eng 
044 |a SK 
245 1 0 |a Political marketing: connection of business sector and public politics  |c Alexander Čemez 
520 |a Politický marketing zastúpený na Slovensku po roku 1989 ako moderný fenomén, ktorý prišiel zo západnej Európy a USA. Politický marketing ako spojenie dvoch navzájom protiľahlých sektorov, ktorým sú súkromný sektor (business) a verejný sektor (politika). Vzťah medzi politikou a obchodnou činnosťou v rámci politického marketingu. 
610 2 0 |a marketing politický 
610 2 0 |a komunikácia marketingová 
610 2 0 |a nástroje marketingové 
610 2 0 |a sektor verejný 
610 2 0 |a kampane volebné 
610 2 0 |a Slovensko 
100 1 |a Čemez, Alexander